HJUdall's Car Brand Mega Quiz - Statistics

General Stats
  • This quiz has been taken 23 times
  • The average score is 99 of 290
Answer Stats
Country Brand % Correct
Germany BMW
100%
Germany Mercedes-Benz
100%
Germany Audi
93%
France Bugatti
93%
Italy Ferrari
93%
USA Ford
93%
Japan Honda
93%
Italy Lamborghini
93%
Japan Lexus
93%
Japan Nissan
93%
Germany Volkswagen
93%
USA Chevrolet
87%
Italy Fiat
87%
Italy Fiat Professional
87%
South Korea Hyundai
87%
South Korea Kia
87%
France Peugeot
87%
France Renault
87%
South Korea Renault Korea
87%
Japan Toyota
87%
Italy Alfa Romeo
80%
UK Aston Martin
80%
China BYD
80%
USA Cadillac
80%
USA Chrysler
80%
France Citroën
80%
USA Dodge
80%
UK Jaguar
80%
Japan Mazda
80%
UK Mini
80%
Germany Opel
80%
Germany Porsche
80%
UK Vauxhall
80%
Sweden Volvo
80%
Romania Dacia
73%
USA GMC
73%
USA Jeep
73%
Russia Lada
73%
UK Land Rover
73%
India Maruti Suzuki
73%
UK McLaren
73%
Japan Mitsubishi
73%
USA Ram Trucks
73%
Sweden Saab
73%
Japan Subaru
73%
Japan Suzuki
73%
USA Tesla
73%
USA Buick
67%
South Korea Daewoo
67%
Japan Isuzu
67%
Italy Lancia
67%
Italy Maserati
67%
UK/China MG
67%
USA Oldsmobile
67%
Italy Pagani
67%
Spain SEAT
67%
Czech Republic Škoda
67%
Germany Smart
67%
UK AC Cars
60%
Japan Acura
60%
UK Bentley
60%
South Korea Genesis
60%
USA Hummer
60%
Sweden Koenigsegg
60%
USA Lincoln
60%
UK Lotus
60%
UK Rolls-Royce
60%
UK Caterham
53%
Japan Daihatsu
53%
China Galaxy
53%
Russia GAZ
53%
China Geely
53%
Japan Infiniti
53%
UK Morgan
53%
USA Plymouth
53%
Sweden Polestar
53%
USA Pontiac
53%
India TATA
53%
Russia UAZ
53%
Russia Volga
53%
France Alpine
47%
Spain Cupra
47%
Netherlands Donkervoort
47%
France DS Automobiles
47%
Australia Holden
47%
South Korea KGM
47%
Austria KTM
47%
USA Rivian
47%
USA Shelby
47%
Netherlands Spyker
47%
Vietnam VinFast
47%
China Wuling
47%
Germany Alpina
40%
Germany Apollo
40%
China BAIC
40%
USA DeLorean
40%
China Great Wall
40%
USA Hennessey
40%
Italy Iveco
40%
USA Lucid
40%
USA Mercury
40%
China NIO
40%
China Roewe
40%
Germany RUF
40%
UK TVR
40%
UAE W Motors
40%
Italy Abarth
33%
UK Ariel
33%
China Changan
33%
China Chery
33%
China Dongfeng
33%
China GAC
33%
China Haval
33%
China Hongqi
33%
India Mahindra
33%
Malaysia Perodua
33%
Malaysia Proton
33%
Croatia Rimac
33%
Japan Scion
33%
USA SSC
33%
China Xiaomi
33%
China XPeng
33%
Denmark Zenvo
33%
China ArcFox
27%
UK Ascari
27%
China Bestune
27%
China/Germany Borgward
27%
China Brilliance
27%
China Denza
27%
Italy De Tomaso
27%
China Exeed
27%
China FAW
27%
China FCB
27%
USA Fisker
27%
China Foton
27%
China Haima
27%
China JAC
27%
China LDV
27%
Taiwan Luxgen
27%
China Maxus
27%
Italy Pininfarina
27%
UK Radical
27%
USA Saleen
27%
USA Saturn
27%
China Wey
27%
Germany Wiesmann
27%
Ukraine ZAZ
27%
China Zeekr
27%
China Aion
20%
China Aiways
20%
Japan Aspark
20%
China Avatr
20%
UK BAC
20%
China Baojun
20%
USA Callaway
20%
USA Czinger
20%
China Dadao
20%
China Deepal
20%
China Faraday Future
20%
China Farizon
20%
China Geometry
20%
Iran IKCO
20%
China IM Motors
20%
China Jaecoo
20%
China Jetour
20%
China JMC
20%
USA Karma
20%
UK Lagonda
20%
China Landwind
20%
China LeapMotor
20%
China Livan
20%
China LYNK & Co
20%
Russia Moskvich
20%
Italy Piaggio
20%
China Qoros
20%
USA Rezvani
20%
China Seres
20%
China Soueast
20%
China Tank
20%
France Venturi
20%
UK Zenos
20%
China Zotye
20%
China Aeolus
13%
France Aixam
13%
UK Arash
13%
Poland Arrinera
13%
UK Arrival
13%
Russia Aurus
13%
China BAW
13%
China Beijing
13%
Italy Bertone
13%
USA Bollinger
13%
China Chana
13%
China Changfeng
13%
Taiwan CMC
13%
China DFSK
13%
Italy DR Motor
13%
India Force
13%
China Forthing
13%
China Hawtai
13%
China HiPhi
13%
Spain Hispano Suiza
13%
China Hycan
13%
China Hyptec
13%
China iCar
13%
Italy Italdesign
13%
China Jetta
13%
China Jidu
13%
Ghana Kantanka
13%
China Karry
13%
China Li Auto
13%
China Mengshi/M-Hero
13%
China NETA
13%
China Nevo
13%
China Omoda
13%
China ORA
13%
China Radar
13%
Iran Saipa
13%
China Stelato
13%
China SWM
13%
Brazil Troller
13%
China Venucia
13%
China Voyah
13%
China Yangwang
13%
Italy Zagato
13%
China ZX Auto
13%
Japan Afeela
7%
Brazil Agrale
7%
China AITO
7%
Russia AmberAvto
7%
USA AM General
7%
Iran Amico
7%
USA Aptera
7%
Italy Ares Design
7%
Germany Artega
7%
India Ashok Leyland
7%
Iran Bahman
7%
Belarus BelGee
7%
China Changhe
7%
Italy Cirelli
7%
China Cowin
7%
Spain EBRO
7%
Italy EMC
7%
China Enovate
7%
China Enranger
7%
Italy Estrema
7%
China Everus
7%
Italy EVO
7%
Iran Farda
7%
China Fengdu
7%
China Fengon
7%
China Firefly
7%
China Foday
7%
Iran Fownix
7%
China Fulwin
7%
UK GMA
7%
China Gonow
7%
China Hengchi
7%
Italy ICH-X
7%
Nigeria Innoson
7%
China Jinbei
7%
China JMEV
7%
China Kaiyi
7%
China Kandi
7%
Iran KMC
7%
Iran Lamari
7%
China Landian
7%
UK LEVC
7%
China Luxeed
7%
China Maextro
7%
Kenya Mobius
7%
Iran MVM
7%
China Nammi
7%
USA Nilu
7%
China Onvo
7%
China Oshan
7%
USA Panoz
7%
Iran Pars Khodro
7%
China Poer
7%
China Rising Auto
7%
China ROX Motor
7%
USA Scout
7%
China Sehol
7%
Italy Sportequipe
7%
USA USSV
7%
China VGV
7%
USA VIA
7%
China Yema
7%
China Yipai
7%
China Yuanhang
7%
No matching quizzes found
Score Distribution
Percent of People with Each Score
Percentile by Number Answered
Your Score History
You have not taken this quiz